| 000 | 00571nam a22001937a 4500 | ||
|---|---|---|---|
| 999 |
_c15835 _d15835 |
||
| 003 | AR-CdUCM | ||
| 008 | 190430b ||||| |||| 00| 0 spa d | ||
| 040 |
_aMUNICIPALIDAD PROVINCIAL DEL CUSCO _cBIBLIOTECA MUNICIPAL DEL CUSCO |
||
| 082 |
_aES / 461 / _bA65 |
||
| 100 |
_aArosquipa Cumpa, Nerly. _935034 |
||
| 245 | _aAptitud verbal / | ||
| 260 |
_aCusco : _c2009. |
||
| 300 |
_a41 páginas ; _c21 cm. |
||
| 505 | _aContenido :Aptitud verbal ... | ||
| 650 |
_aAcademia. _935022 |
||
| 650 |
_aAptitud verbal. _935035 |
||
| 942 |
_2ddc _cLIBROS |
||
| 945 |
_arum _d2019-04-30 |
||